LEADER 00834nam0-2200301 --450 001 9910283255803321 005 20180918123752.0 100 $a20180910d1972----kmuy0itay5050 ba 101 0 $aita 102 $aIT 105 $a 001yy 200 1 $aStoria del paesaggio agrario italiano$fEmilio Sereni 205 $a4. ed. 210 $aBari$cLaterza$d1972 215 $a499 p.$cill.$d19 cm 225 1 $aUniversale Laterza$v225 610 0 $aPaesaggio agrario$aItalia$aStoria 610 0 $aAgricoltura$aItalia 676 $a333.76$v20 676 $a338.1 700 1$aSereni,$bEmilio$010412 801 0$aIT$bUNINA$gREICAT$2UNIMARC 901 $aBK 912 $a9910283255803321 952 $a300/3 0189$bBIBL. 2018/423$fFLFBC 959 $aFLFBC 996 $aStoria del paesaggio agrario italiano$938127 997 $aUNINA